Kitna sundar desh hamara (Record no. 151886)

MARC details
000 -LEADER
fixed length control field 00644nam a2200229Ia 4500
003 - CONTROL NUMBER IDENTIFIER
control field OSt
005 - DATE AND TIME OF LATEST TRANSACTION
control field 20260303124719.0
008 - FIXED-LENGTH DATA ELEMENTS--GENERAL INFORMATION
fixed length control field 210210b1959 xxu||||| |||| 00| 0 eng d
040 ## - CATALOGING SOURCE
Transcribing agency AL
041 ## - LANGUAGE CODE
Language code of text/sound track or separate title Hindi
082 ## - DEWEY DECIMAL CLASSIFICATION NUMBER
Classification number 862/117
100 ## - MAIN ENTRY--PERSONAL NAME
Personal name UPADHYAY (B)
Dates associated with a name उपाध्याय (बी)
9 (RLIN) 257479
245 ## - TITLE STATEMENT
Title Kitna sundar desh hamara
Remainder of title कितना सुन्दर देश हमारा
260 ## - PUBLICATION, DISTRIBUTION, ETC.
Place of publication, distribution, etc. Delhi
Name of publisher, distributor, etc. Rajpal & Sons
Date of publication, distribution, etc. 1959
650 ## - SUBJECT ADDED ENTRY--TOPICAL TERM
Topical term or geographic name entry element sundar
9 (RLIN) 257480
650 ## - SUBJECT ADDED ENTRY--TOPICAL TERM
Topical term or geographic name entry element Kitna
9 (RLIN) 257481
650 ## - SUBJECT ADDED ENTRY--TOPICAL TERM
Topical term or geographic name entry element hamara
9 (RLIN) 257482
650 ## - SUBJECT ADDED ENTRY--TOPICAL TERM
Topical term or geographic name entry element desh
9 (RLIN) 257483
690 ## - LOCAL SUBJECT ADDED ENTRY--TOPICAL TERM (OCLC, RLIN)
Topical term or geographic name as entry element Hindi Prose
9 (RLIN) 257484
906 ## - LOCAL DATA ELEMENT F, LDF (RLIN)
a 023360
942 ## - ADDED ENTRY ELEMENTS (KOHA)
Source of classification or shelving scheme Dewey Decimal Classification
Koha item type Book
Holdings
Withdrawn status Lost status Source of classification or shelving scheme Damaged status Not for loan Collection code Home library Current library Date acquired Cost, normal purchase price Total Checkouts Full call number Barcode Date last seen Price effective from Koha item type
    Dewey Decimal Classification     Hindi St Aloysius Library St Aloysius Library 02/17/2021 0.00   862/117 023360 02/17/2021 02/17/2021 Book